01426nam a2200313 i 450000500170000000700030001700800410002002000180006104000350007904100080011404300120012208400110013410000360014524500800018125000220026126400430028330000250032633600270035133700330037833800280041150000230043952004380046252100540090053400190095465000380097365000420101165000260105370000330107920220317000011.0ta200420s2013 ck gr 000 0 spa d a9789583006692 aCO-BoRNBPbspaerdacCO-BoRNBP0 heng as-ck--- aT IBS11 aIbsen, Henrikd1828-1906eautor10aCasa de muñecascHenrik Ibsen ; traducción y prólogo Birgitte Bonning aPrimera edición 1aBogotá, ColombiabPanamericanac2013 a144 páginasc21 cm atextobtxt2rdacontent asin mediaciónbn2rdamedia avolumenbnc2rdacarrier aObra en tres actos aUn drama existencial propio de cualquier relato posible dentro de la concepción de la cotidianidad en cualquier lugar de la Tierra e, igual, dentro de cualquier estrato social, atemporal desde la base misma de su planteamiento moral, ideológico y filosófico: es el fiel reflejo de la vida misma, y, casa de muñecas, un titulo que el autor noruego Henritk Ibsen propone de forma brillante y sutil, asumiendo su libre dualidad aRecomendado para una audiencia mayor a 14 años  bA Doll's House17aTeatro noruegoySiglo XIX2ARMARC17aLiteratura noruegaySiglo XIX2ARMARC17aDramavTeatro2ARMARC1 aBonning, Birgitteetraductor